000 01218nam0a22003011 4500
001 v19\rc\1875512
005 20251118180501.9
035 _a(NLR Aleph) 004988365
090 _a6259072
_c6259072
100 _a20251123 rusy50
101 0 _arus
102 _aRU
105 _ay z |||||
200 1 _aКостер безостый и его возделывание
_fАгр. [К.] Крылов
210 _aУфа
_cэлектр. тип. "Печать" Н.Ф. Делинского
_d1910
215 _a16 с.
_d17
309 _aБез тит. л.
311 _aОтт. из "С.-х. листка Уфим. земства". 1910, № 4
488 0 _12001#$aСельскохозяйственный листок Уфимского земства$v1910, № 4
_tСельскохозяйственный листок Уфимского земства
700 1 _7ca
_8rus
_aКрылов
_bК. В.
_cагроном
_gКонстантин Власьевич
_9228262
_3RU\NLR\AUTH\770228318
801 0 _aRU
_bNLR
_gpsbo
801 0 _aRU
_bRuMoRGB
_2psbo
801 1 _aRU
_bProSoft-M
_2rusmarc
852 _aNLR
_j34.48.8.1215
899 _aRuMoRGB
_jV 286/1140
942 _cBOOK
980 _aNB